000 005660000a22002170004500
003 LK-CoMWRAF
005 20230824203655.0
008 230817t1996 ||||| |||| 00| 0 eng d
020 _a8120718836
040 _aLK-CoMWRAF
_dLK-CoMWRAF
_eLK-CoMWRAF
041 _aeng
082 _a891.1
_bSIV
100 _aSivaramkrishna, M.
100 _aRoy, Sumita
245 _aPoet Saints of India
260 _bSterling Paperback
_aNew Delhi (India)
_c1996
300 _a248 p
650 _a Religious poetry, Indic:
650 _aHistory and criticism
942 _cBK
999 _c2159
_d2159